000 00488nam a2200193Ia 4500
005 20250923150117.0
008 008 250917s9999 xx 000 0 eng d
037 _aTextual
040 _aDSWL
_beng
_cDSWL
041 _aeng
_2eng
084 _qDSWL
245 0 _aDalit identity and politics
_cEd. by GhanshyamSHAH
260 _aNew Delhi
_b Sage Publication
_c2001
300 _a363p.
365 _aINR
_b525
925 _g525
942 _cTEXL
999 _c1459669
_d1459669